Dienstgrade der Bundeswehr - Marine - Statistiken

Allgemein
  • Dieses Quiz wurde 744 mal gespielt
  • Das Durchschnittsergebnis liegt bei 18 aus 27
Antwortstatistiken
Dienstgrad % Korrekt
Admiral
85%
Bootsmann
83%
Matrose
82%
Maat
80%
Gefreiter
79%
Oberbootsmann
78%
Obergefreiter
76%
Hauptbootsmann
75%
Obermaat
75%
Hauptgefreiter
74%
Stabsgefreiter
74%
Oberstabsgefreiter
73%
Stabsbootsmann
72%
Kapitän zur See
70%
Leutnant zur See
69%
Oberstabsbootsmann
69%
Fregattenkapitän
67%
Korvettenkapitän
66%
Oberleutnant zur See
65%
Kapitänleutnant
64%
Vizeadmiral
64%
Konteradmiral
62%
Fähnrich zur See
56%
Oberfähnrich zur See
51%
Seekadett
45%
Stabskapitänleutnant
45%
Flottillenadmiral
42%
Keine übereinstimmenden Quizze gefunden
Verteilung der Resultate
Anzahl Personen mit jedem Resultat
Perzentil nach korrekt beantworteten Fragen
Ihre Resultats-Entwicklung
Sie haben dieses Quiz noch nicht gespielt